000 00396nam a2200169Ia 4500
001 23453
005 20260414150938.0
008 260414t2009||||xx |||||||||||||| ||spa||
041 _aESP
082 _a650.01513
_bM86 2009
100 _aMora Zambrano, Armando
_eAUT
245 0 _aMatemáticas financieras
_b
260 _c2009
650 _aGEN
654 _aCCO
942 _cLIB
_dJUS
_fJUS
_2ddc
_n
999 _c23453
_d23453